000
00374nam a22001577a 4500
003
MPLRDC
005
20220104143732.0
008
210129b ||||| |||| 00| 0 eng d
082
_a
952.6 MF
100
_a
麦烽 著
245
_a
冲晒放大实用手册
_c
260
_a
_b
香港三育图书文具公司
_c
1973
300
_b
平
650
_a
942
_c
BK
_o
952.6 MF
999
_c
42825
_d
42815